000 00669nam a2200193Ia 4500
003 GCL
008 140319s9999 xx 000 0 ara d
020 _a7081901977
040 _aGCL /
_cGCL
082 0 4 _a910.41
_bن ر
100 1 _aنعمات احمد فؤاد
245 1 0 _aرحلة الشرق والغرب : سافرت فى الانسان والمكان والزمان /
_cنعمات احمد فؤاد
250 _aالاولى
260 _aالقاهرة :
_bالهيئة المصرية العامة للكتاب ،
_c1986
300 _a445 ص ؛
_c24سم
650 0 4 _aرحلات حول العالم
650 0 4 _aوصف ورحلات
942 _2ddc
_cBK
999 _c27764
_d27764